Statistics for Top Massachusetts Colleges and Universities

Click here to take the quiz!

General Stats

  • This quiz has been taken 947 times
  • The average score is 12 of 26

Answer Stats

RankAnswer% Correct
#8Harvard University
99%
#85Boston University
90%
#35Boston College
89%
#10Massachusetts Institute of Technology
89%
#180University of Massachusetts, Amherst
72%
#236Northeastern University
64%
#25Tufts University
58%
#477University of Massachusetts, Lowell
55%
#509University of Massachusetts, Boston
53%
#9Williams College
47%
#13Amherst College
45%
#59Smith College
42%
#23Wellesley College
41%
#51Brandeis University
39%
#136Worcester Polytechnic Institute
36%
#284Emerson College
34%
#84Mount Holyoke College
32%
#195Bentley University
29%
#150Clark University
25%
#311Simmons College
22%
#71College of the Holy Cross
20%
#147Hampshire College
19%
#268Stonehill College
18%
#238Merrimack College
15%
#224Wheaton College
15%
#262Gordon College
12%

Score Distribution

Percentile by Number Answered

Percent of People with Each Score

Your Score History

You have not taken this quiz